Introduction to bioinformatics / (Record no. 70143)
[ view plain ]
| 000 -LEADER | |
|---|---|
| fixed length control field | 01109nam a2200349 a 4500 |
| 001 - CONTROL NUMBER | |
| control field | 70143 |
| 003 - CONTROL NUMBER IDENTIFIER | |
| rucl marc code | BD-RjUL |
| 005 - DATE AND TIME OF LATEST TRANSACTION | |
| control field | 20211209081952.0 |
| 008 - FIXED-LENGTH DATA ELEMENTS--GENERAL INFORMATION | |
| fixed length control field | 170416s20112008enka ob 001 0 eng d |
| 020 ## - INTERNATIONAL STANDARD BOOK NUMBER | |
| International Standard Book Number | 9781628708523 (electronic bk.) |
| International Standard Book Number | 9780199580798 |
| Canceled/invalid ISBN | 9780199208043 |
| Canceled/invalid ISBN | 0199208042 |
| 035 ## - SYSTEM CONTROL NUMBER | |
| System control number | (BD-RjUL)70355 |
| 040 ## - CATALOGING SOURCE | |
| Original cataloging agency | KNOVL |
| Language of cataloging | eng |
| Description conventions | rda |
| -- | pn |
| Transcribing agency | KNOVL |
| Modifying agency | BD-RjUL |
| 041 ## - LANGUAGE CODE | |
| Language code of text/sound track or separate title | eng |
| 082 04 - DEWEY DECIMAL CLASSIFICATION NUMBER | |
| Classification number | 572.80285 |
| Edition number | 23 |
| Author mark and year | LEI 2011 |
| 084 ## - OTHER CLASSIFICATION NUMBER | |
| Classification number | WD 2100 |
| Number source | rvk |
| 100 1# - MAIN ENTRY--PERSONAL NAME | |
| Personal name | Lesk, Arthur M. |
| 9 (RLIN) | 207739 |
| 245 10 - TITLE STATEMENT | |
| Title | Introduction to bioinformatics / |
| Statement of responsibility, etc. | Arthur M. Lesk. |
| 246 30 - VARYING FORM OF TITLE | |
| Title proper/short title | Bioinformatics |
| 250 ## - EDITION STATEMENT | |
| Edition statement | Third edition. |
| 260 ## - PUBLICATION, DISTRIBUTION, ETC. (IMPRINT) | |
| Place of publication, distribution, etc. | Oxford : |
| Name of publisher, distributor, etc. | Oxford University Press, cop.x, |
| Date of publication, distribution, etc. | 2008 [reprint 2011] |
| 300 ## - PHYSICAL DESCRIPTION | |
| Pagination | xxii, 474 p. : |
| Illustrations | ill. ; |
| Size | 23 cm. |
| 504 ## - BIBLIOGRAPHY, ETC. NOTE | |
| Bibliography, etc | Includes bibliographical references and index. |
| 650 #0 - SUBJECT ADDED ENTRY--TOPICAL TERM | |
| Topical term or geographic name as entry element | Bioinformatics. |
| 9 (RLIN) | 118574 |
| 856 40 - ELECTRONIC LOCATION AND ACCESS | |
| Materials specified | Knovel |
| Uniform Resource Identifier | <a href="http://app.knovel.com/web/toc.v/cid:kpIBE00007">http://app.knovel.com/web/toc.v/cid:kpIBE00007</a> |
| Public note | MIT Access Only |
| 942 ## - ADDED ENTRY ELEMENTS (KOHA) | |
| Source of classification or shelving scheme | Dewey Decimal Classification |
| Koha item type | Books |
| 946 ## - LOCAL PROCESSING INFORMATION (OCLC) | |
| m | Knovel |
| 956 40 - LOCAL ELECTRONIC LOCATION AND ACCESS (OCLC) | |
| Uniform Resource Identifier | <a href="http://libraries.mit.edu/get/knovel">http://libraries.mit.edu/get/knovel</a> |
| Lost status | Source of classification or shelving scheme | Damaged status | Not for loan | Collection code | Permanent Location | Current Location | Shelving location | Date acquired | Source of acquisition | Cost, normal purchase price | Total Checkouts | Full call number | Date last seen | Copy number | Koha item type |
|---|---|---|---|---|---|---|---|---|---|---|---|---|---|---|---|
| Dewey Decimal Classification | Not For Loan | Non-fiction | Central Library, University of Rajshahi | Central Library, University of Rajshahi | Reading Room | 26/06/2013 | Dhaka, Associated Business Corporation. | 530.00 | 572.80285 LEI 2011 | 16/04/2017 | C-1 | Books |